MDQL
is popping MORE tags! Check the
thread
!
Quizzes
Events
Quiz Creation
Community
Videos
Private Events
Remove Ads
Sign In
Join for FREE
Feedback
Dark Mode
Quiz Categories
Sports
Geography
Music
Movies
Television
Just For Fun
Miscellaneous
History
Literature
Language
Science
Gaming
Entertainment
Religion
Holiday
For Kids
Quiz Lab
Recent
Popular Today
Quiz Kudos Today
Editor Picks
Curator Picks
Quizzes by...
Day
Popularity
Type
Ratings
Length
Year
Community
Subscriptions
Recent Discussions
Orange Saloon
Badges
Playlists
Quests
Create
Leaderboards
Showdown
Live 5
Trivia Bingo
Activity
Puzzle Library
Sporcle Events
Private Events
Virtual Trivia
Globe League
Become a Host
Pub Owners
SporcleCon
Opinionation
Our Games
Videos
Blog
Mobile Apps
Partnerships
Remove Ads and Go Orange
Feedback
Sports
Athletes
MLB
NBA
NHL
NFL
Soccer
Sports Teams
WWE
NCAA
Football
Premier League
Basketball
Baseball
Hockey
Golf
Tennis
Cricket
Rugby
Auto Racing
Olympics
World Cup
Sports
Athletes
MLB
NBA
NHL
NFL
Soccer
Sports Teams
WWE
NCAA
Football
Premier League
Basketball
Baseball
Hockey
Golf
Tennis
Cricket
Rugby
Auto Racing
Olympics
World Cup
Random Quiz
Search Sporcle
×
Quiz Lab
Quiz Lab
Sports
NHL
Type in answers that appear in a list
Type in answers that appear in a list
Classic
Best Score? Go Orange.
NHL - Best by franchise Stats
Can you name the NHL - Best by franchise
By
barbedman
10m
120 Questions
281 Plays
281 Plays
281 Plays
Comments
Comments
Give Quiz Kudos
Give Quiz Kudos
-
- Ratings
hide this ad
More Info
Replay
Link that replays current quiz
Next Quiz
Link to next quiz in quiz playlist
You Got
0%
They Got
Avg Score
72%
Avg Friend Score
Upgrade to see
Score Distribution
Jump to the score distribution portion of the page
Score
0/120
Timer
10:00
0
Plays Today
Team Names
Player's Name
% Correct
Edmonton
Wayne Gretzky
96.7%
Edmonton
Wayne Gretzky
96.7%
Edmonton
Wayne Gretzky
96.7%
Anaheim
Teemu Selanne
93.8%
Anaheim
Teemu Selanne
93.8%
Anaheim
Teemu Selanne
93.8%
Pittsburgh
Mario Lemieux
92%
Pittsburgh
Mario Lemieux
92%
Pittsburgh
Mario Lemieux
92%
Detroit
Gordie Howe
91.3%
Detroit
Gordie Howe
91.3%
Chicago
Bobby Hull
90.9%
Colorado/
Québec
Joe Sakic
90.9%
Colorado/
Québec
Joe Sakic
90.9%
Colorado/
Québec
Joe Sakic
90.9%
St. Louis
Brett Hull
90.9%
Colorado/
Québec
Patrick Roy
90.3%
Dallas/
Minnesota
Mike Modano
89.8%
Dallas/
Minnesota
Mike Modano
89.8%
Dallas/
Minnesota
Mike Modano
89.8%
Columbus
Rick Nash
88.7%
Columbus
Rick Nash
88.7%
Columbus
Rick Nash
88.7%
New Jersey
Martin Brodeur
87.6%
Calgary
Jarome Iginla
87.3%
Calgary
Jarome Iginla
87.3%
Vancouver
Henrik Sedin
87.3%
Vancouver
Henrik Sedin
87.3%
Washington
Alex Ovechkin
87.3%
Ottawa
Daniel Alfredsson
86.9%
Ottawa
Daniel Alfredsson
86.9%
Ottawa
Daniel Alfredsson
86.9%
San Jose
Joe Thornton
86.5%
Tampa Bay
Martin St-Louis
85.8%
Tampa Bay
Martin St-Louis
85.8%
Detroit
Steve Yzerman
84.4%
Montréal
Guy Lafleur
83.6%
Montréal
Maurice Richard
83.6%
Montréal
Guy Lafleur
83.6%
New York Islanders
Mike Bossy
83.6%
Team Names
Player's Name
% Correct
San Jose
Patrick Marleau
82.9%
San Jose
Patrick Marleau
82.9%
Washington
Alex Ovechkin
82.5%
Boston
Raymond Bourque
82.2%
Boston
Raymond Bourque
82.2%
Florida
Roberto Luongo
82.2%
Vancouver
Roberto Luongo
82.2%
Chicago
Tony Esposito
81.8%
Pittsburgh
Marc-Andre Fleury
81.8%
Toronto
Mats Sundin
79.6%
Toronto
Mats Sundin
79.6%
Chicago
Stan Mikita
79.3%
Chicago
Stan Mikita
79.3%
Philadelphia
Bobby Clarke
79.3%
Philadelphia
Bobby Clarke
79.3%
New York Islanders
Billy Smith
78.3%
Carolina/
Hartford
Ron Francis
78.2%
Carolina/
Hartford
Ron Francis
78.2%
Carolina/
Hartford
Ron Francis
78.2%
New Jersey
Patrick Elias
78.2%
New Jersey
Patrick Elias
78.2%
New Jersey
Patrick Elias
78.2%
Los Angeles
Marcel Dionne
77.8%
Los Angeles
Marcel Dionne
77.8%
Los Angeles
Luc Robitaille
76.4%
Tampa Bay
Vincent Lecavalier
76.4%
New York Islanders
Bryan Trottier
76%
New York Islanders
Bryan Trottier
76%
Winnipeg/
Atlanta
Ilya Kovalchuk
74.9%
Winnipeg/
Atlanta
Ilya Kovalchuk
74.9%
Winnipeg/
Atlanta
Ilya Kovalchuk
74.9%
Los Angeles
Jonathan Quick
72.9%
Nashville
Pekka Rinne
72.9%
New York Rangers
Henrik Lundqvist
72.5%
Edmonton
Grant Fuhr
72.1%
Minnesota
Mikko Koivu
72%
Minnesota
Mikko Koivu
72%
Minnesota
Niklas Backstrom
70.5%
Anaheim
Jean-Sebastien Giguere
69.8%
Arizona/
Phoenix/
Winnipeg
Dale Hawerchuk
69.5%
Team Names
Player's Name
% Correct
Arizona/
Phoenix/
Winnipeg
Dale Hawerchuk
69.5%
Arizona/
Phoenix/
Winnipeg
Dale Hawerchuk
69.5%
Carolina/
Hartford
Cam Ward
69.4%
Buffalo
Gilbert Perreault
66.5%
Buffalo
Gilbert Perreault
66.5%
Buffalo
Gilbert Perreault
66.5%
Vancouver
Markus Naslund
66.2%
Philadelphia
Ron Hextall
65.5%
New York Rangers
Brian Leetch
65.5%
Calgary
Miikka Kiprusoff
64.7%
Montréal
Jacques Plante
64.7%
Buffalo
Ryan Miller
64%
Minnesota
Marian Gaborik
63.3%
Washington
Olie Kolzig
61.6%
Nashville
David Legwand
61.5%
Nashville
David Legwand
61.5%
Nashville
David Legwand
61.5%
San Jose
Evgeni Nabokov
60.9%
Florida
Olli Jokinen
60.7%
Florida
Olli Jokinen
60.7%
Washington
Nicklas Backstrom
60.4%
Calgary
Al MacInnis
57.5%
Boston
John Bucyk
56%
Detroit
Terry Sawchuk
55.4%
Dallas/
Minnesota
Marty Turco
53.9%
St. Louis
Bernard Federko
51.6%
St. Louis
Bernard Federko
51.6%
Columbus
Steve Mason
47.7%
New York Rangers
Rod Gilbert
47.6%
New York Rangers
Rod Gilbert
47.6%
Tampa Bay
Nikolai Khabibulin
46.5%
Winnipeg/
Atlanta
Ondrej Pavelec
40.4%
Ottawa
Patrick Lalime
40.3%
Philadelphia
Bill Barber
40%
Toronto
Borje Salming
36.7%
Arizona/
Phoenix/
Winnipeg
Ilya Bryzgalov
34.9%
Toronto
Turk Broda
30.2%
Florida
Stephen Weiss
29.1%
St. Louis
Michael Liut
25.6%
Boston
Tiny Thompson
24%
Quiz Playlist
Details
Report
Send in Message
Add To Playlist
More Info:
Find the best player for each categories
Classic:
Type in answers that appear in a list
Quiz Source
Last Updated: Feb 16, 2017
Quiz Scoreboard
CHALLENGE
Sign Up to Join the Scoreboard
Show All
Scores
Hide
Comments
May contain spoilers
Recently Published
Colored Red Africa Blitz
by spor1
Geography
30s
Find the 'City' Movie
by crazypaving
Movies
60s
5x2 Blitz: Bands
by SL_Kpop136
Music
30s
More to Explore
Quiz From the Vault
Featured Blog Post
14 Easter Pick-up Lines to Find Eggs With
hide this ad
You Might Also Like...
Tags
NHL Quiz
assist
franchise
goal
Player
point
team
Today's Top Quizzes in Sports
Browse Sports
hide this ad
Today's Top Quizzes in NHL
Browse NHL
Top Contributed Quizzes in Sports
1
Players with Multiple 50 Home Run Seasons
2
Les entraîneurs de l'OM et du PSG au 21e siècle
3
Criteria MLB: Left Handed Sluggers
4
2022 World Cup Stars
5
Les meilleurs buteurs des matchs entre le PSG et l’OM
6
Who Hit More Homers?
7
Les joueurs passés par le PSG et l'OM
8
NBA Logic Puzzle 2.0
9
Top 10 NHL Goal Scorers of All Time
10
MLB Players with Two .350 Batting Average Seasons
Explore More
Trending Topics
Crossword
Disney
Harry Potter
Anime
NBA
Kpop
Marvel
Soccer
Puzzle
NFL
Country
WWE
The Office
Song
Pokémon
hide this ad
More By:
barbedman
Quiz
Plays
Rating
Category
Featured
Created
NHL - Best by franchise
281
4.80
Sports
Nov 11, 2014
Montreal Canadiens Molson Cup Winners
131
4.67
Sports
Nov 17, 2014
Edmonton Oilers Molson Cup Winners
61
5.00
Sports
Nov 17, 2014
Frisky Dingo's characters
59
5.00
Television
Nov 12, 2014
Calgary Flames Molson Cup Winners
58
5.00
Sports
Nov 17, 2014
Go to Creator's Profile
Score Distribution
Quiz Creator Spotlight
barbedman
Follow
Send a Message
Quizzes Created
-
Created Quiz Play Count
-
More By This Creator
Popular Quizzes Today
1
Find the 'City' Movie
2
Colored Red Africa Blitz
3
Find the US States - No Outlines Minefield
4
5x2 Blitz: Bands
5
The Countries of the World
6
Find the US States
7
US States
8
9x9 Crossword: Cartoon Network
More Sports Quizzes
Out of Shape NFL Logos
Published
Trending Quizzes
Colored Red Europe Blitz I
Colored Red Europe Blitz II
Colored Red Africa Blitz II
Colored Red Africa Blitz III
Colored Red Europe Blitz III
Recently Updated
2024 March Madness Bracket
pecheneg
Famous TV Couples
Peacemaker
Champions League XIs: Real Madrid
pecheneg
Largest US Cities 1790-2010
pecheneg
Rides in Walt Disney World
pecheneg
Most Oscar Losses (Acting)
pecheneg
Beyoncé Albums
pecheneg
Leaping Animals
pecheneg
Reality TV Shows (A-Z)
bhenderson79
Rickey Henderson's Hall of Fame Teammates
pecheneg
Trending Topics
Marvel
Kpop
Crossword
Harry Potter
Disney
NBA
Anime
NFL
Puzzle
WWE
Country
The Office
Pokémon
Soccer
Song
Your Account Isn't Verified!
In order to create a playlist on Sporcle, you need to verify the email address you used during registration. Go to your
Sporcle Settings
to finish the process.
Report this User
Report this user for behavior that violates our
Community Guidelines
.
Details:
Send Report
Go to the Sporcle.com Mobile Site →
Comments